Taco Bell Logos Over Time - Statistics

General Stats
  • This quiz has been taken 169 times
  • The average score is 26 of 36
Answer Stats
Question Tile Select % Correct
1962-1972 No
85%
1962-1972 No
84%
1962-1972 No
84%
1972-1985 No
81%
1985-1992 No
81%
1972-1985 No
80%
1994-2016 No
80%
1994-2016 No
79%
1994-2016 No
79%
2016-Present No
79%
1972-1985 No
78%
1992-1994 No
78%
1992-1994 No
78%
2016-Present No
78%
2016-Present No
78%
2016-Present No
78%
1985-1992 No
77%
1992-1994 No
77%
1992-1994 No
75%
1992-1994 No
74%
1994-2016 No
73%
1962-1972 No
72%
1985-1992 No
72%
1985-1992 No
69%
1994-2016 No
69%
1972-1985 No
67%
1962-1972 No
66%
1994-2016 Yes
64%
2016-Present No
64%
1985-1992 No
63%
2016-Present Yes
63%
1962-1972 Yes
62%
1972-1985 No
58%
1992-1994 Yes
58%
1985-1992 Yes
42%
1972-1985 Yes
40%
No matching quizzes found
Score Distribution
Percent of People with Each Score
Percentile by Number Answered
Your Score History
You have not taken this quiz